Normal view
MARC view
Entry Personal Name
001 - CONTROL NUMBER
- control field: 47997
003 - CONTROL NUMBER IDENTIFIER
- control field: OSt
005 - DATE AND TIME OF LATEST TRANSACTION
- control field: 20241003162308.0
008 - FIXED-LENGTH DATA ELEMENTS
- fixed length control field: 241003|| aca||aabn | a|a d
040 ## - CATALOGING SOURCE
- Original cataloging agency: OSt
- Transcribing agency: OSt
100 ## - HEADING--PERSONAL NAME
- Personal name: Chand, Ramesh
670 ## - SOURCE DATA FOUND
- Source citation: Work cat.: (OSt)524693: Chand, Ramesh , Changes in labour force and employment: Evidence from PLFS data
